Statistics for Countries with the Least Freedom

Click here to take the quiz!

General Stats

  • This quiz has been taken 61 times
    (60 since last reset)
  • The average score is 35 of 47

Answer Stats

Aggregate ScoreCountry% Correct
3North Korea
98%
-1Syria
92%
31Iraq
92%
14China
92%
17Iran
90%
9Libya
88%
7Somalia
86%
13Yemen
86%
20Russia
84%
35Algeria
84%
7Saudi Arabia
84%
8Sudan
84%
32Turkey
82%
23Oman
82%
2South Sudan
80%
26Afghanistan
80%
26Egypt
80%
24Qatar
80%
12Bahrain
78%
3Eritrea
76%
30Zimbabwe
76%
20Rep. of Congo
76%
18Chad
76%
7Uzbekistan
76%
16Dem. Rep. of Congo
76%
26Venezuela
74%
20Vietnam
74%
23Rwanda
74%
17United Arab Emirates
72%
11Tajikistan
72%
22Kazakhstan
70%
30Cambodia
70%
12Laos
70%
4Turkmenistan
68%
12Ethiopia
68%
18Burundi
68%
30Mauritania
68%
26Djibouti
68%
26Angola
68%
21Belarus
66%
23Gabon
64%
12Azerbaijan
64%
14Cuba
60%
22Cameroon
60%
7Equatorial Guinea
58%
31Thailand
52%
16Eswatini
44%

Score Distribution

Percentile by Number Answered

Percent of People with Each Score

Your Score History

You have not taken this quiz since the last reset